| 000 | 01744nam0a2200373 4500 | ||
|---|---|---|---|
| 001 | RU\NLR\BIBL_A\012361854 | ||
| 005 | 20211124164253.0 | ||
| 010 |
_a978-5-9963-5918-9 _91500 |
||
| 021 |
_aRU _bКН-П-20-030846 _9КН-П-20-2369 |
||
| 021 |
_aRU _bКН-П-22-082456 _9КН-П-22-7254 |
||
| 035 | _a(NLR Aleph) 012361854 | ||
| 035 | _a(RuMoRGB)010342782 | ||
| 090 |
_a11531106 _c11531106 |
||
| 100 | _a20200924d2020 u y0rusy50 ca | ||
| 101 | 0 | _arus | |
| 102 | _aRU | ||
| 105 | _aa|||zzzz000zy | ||
| 181 | 0 |
_ai _baxxe |
|
| 182 | 0 | _an | |
| 200 | 1 |
_aЧто такое время _eгде мы были и что узнали _e5-7 лет _e[для занятий взрослых с детьми дошкольного возраста _e(текст читают взрослые)] _fпридумала и нарисовала Елена Запесочная |
|
| 203 |
_aТекст _bвизуальный _cнепосредственный |
||
| 210 |
_aМосква _cБИНОМ. Лаборатория знаний _cБИНОМ детства _d2020 |
||
| 215 |
_a47 с. _cцв. ил. _d29 |
||
| 225 | 1 | _a100 зачем и почему | |
| 517 | 1 | _aГде мы были и что узнали | |
| 606 | 1 |
_aДошкольники _xОзнакомление с временем _2nlr_sh1 _2nlr_sh2 _3RU\NLR\AUTH\6678505 |
|
| 686 | 1 | _aЧ491.7 | |
| 700 | 1 |
_aЗапесочная _bЕ. А. _cхудожник _gЕлена Алексеевна _3RU\NLR\AUTH\7774422 |
|
| 702 | 1 |
_aЗапесочная _bЕ. А. _cхудожник _gЕлена Алексеевна _3RU\NLR\AUTH\7774422 _4040 |
|
| 942 | _cBOOK | ||
| 980 | _aNBR | ||
| 980 | _aNB | ||